| 000 | 00447cam a2200181ua 4500 | ||
|---|---|---|---|
| 020 | _c4.95 | ||
| 041 |
_aeng _h |
||
| 082 |
_a516.6 _bGRA/PR |
||
| 100 | _aGrant, Hiram E . | ||
| 245 |
_aPractical descriptive geometry / _cHiram E Grant. _hTextual Documents |
||
| 250 |
_a1 / _b. |
||
| 260 |
_aNew York : _bMcGraw Hill Book Company , _c1952. |
||
| 300 | _a253 ; . | ||
| 365 | _a4.95 | ||
| 504 | _a | ||
| 942 | _cBK | ||
| 999 |
_c7131 _d7131 |
||